000 00482cam a2200181 4500
001 B3340
008 090401t1987 xxu||||| |||| 00| 0 eng d
035 _a(Sirsi) u55459
041 _aeng
050 _a692.8
110 _aJoint Contracts Tribunal
_93664
245 _aManagement contract 1987 edition: phased completion supplement
260 _aLondon
_bBuilding Employers Confederation
_c1987
300 _a14p. ; 30cm.
350 _a2.3
942 _n0
948 _c04/03/1997
999 _c93613
_d93613